Online Catalogue and eLibrary

In other worlds : (Record no. 292)

MARC details
000 -LEADER
fixed length control field 00796pam a2200253 a 4500
001 - CONTROL NUMBER
control field 3369543
005 - DATE AND TIME OF LATEST TRANSACTION
control field 20240206010305.0
008 - FIXED-LENGTH DATA ELEMENTS--GENERAL INFORMATION
fixed length control field 871229r19881987nyua b 000 0 eng
020 ## - INTERNATIONAL STANDARD BOOK NUMBER
ISBN 0416016510 (hb)
020 ## - INTERNATIONAL STANDARD BOOK NUMBER
ISBN 0415900026 (pbk.) :
040 ## - CATALOGING SOURCE (பட்டியலாக்க மூலம்)
Original cataloging agency DLC
Transcribing agency DLC
Modifying agency DLC
082 00 - DDC Classification
Class No. 306
DDC Edition Number 19
Item Number - Author Mark GAY.
100 1# - MAIN ENTRY--PERSONAL NAME
Personal name Spivak, Gayatri Chakravorty.
245 10 - TITLE STATEMENT
Title In other worlds :
Remainder of title essays in cultural politics /
Statement of responsibility, etc. Gayatri Chakravorty Spivak.
260 ## - PUBLICATION, DISTRIBUTION, ETC.
Place of publication, distribution, etc. New York :
Name of publisher, distributor, etc. Routledge,
Date of publication, distribution, etc. 1988.
300 ## - PHYSICAL DESCRIPTION
Extent (e.g. Volumes, Pages etc.) xix, 309 p. :
500 ## - GENERAL NOTE
General note Originally published: New York : Methuen, 1987.
650 #0 - SUBJECT ADDED ENTRY--TOPICAL TERM
Topical term or geographic name entry element Culture.
650 #0 - SUBJECT ADDED ENTRY--TOPICAL TERM
Topical term or geographic name entry element Feminism and literature.
650 #0 - SUBJECT ADDED ENTRY--TOPICAL TERM
Topical term or geographic name entry element Women and literature.
650 #0 - SUBJECT ADDED ENTRY--TOPICAL TERM
Topical term or geographic name entry element Feminist criticism.
856 42 - ELECTRONIC LOCATION AND ACCESS
Uniform Resource Identifier <a href="http://www.loc.gov/catdir/enhancements/fy0702/87037676-d.html">http://www.loc.gov/catdir/enhancements/fy0702/87037676-d.html</a>
942 ## - Koha item type (Biblio)
Koha item type Books in Stacks (Lending)
Holdings
Lost status Damaged status Collection code Home library Current library Date acquired Full call number Accession Number Item type
    Lending WERC Library WERC Library 02/06/2024 306 GAY. 3628 Books in Stacks (Lending)

© WERC Library